000 00844nam a2200241Ia 4500
003 OSt
005 20220923224304.0
006 a|||||r|||| 00| 0
007 ta
008 220922b |||||||| |||| 00| 0 hin d
024 _a230,558
037 _cTextual
040 _aARTS
_cARTS
_bhin
041 _2hin
_ahin
082 _aO152,6N07:g, P4
100 _aपाण्डेय, रामजी, संपा.
245 0 _aमहादेवी
_b प्रतिनिधि गद्य रचनाएॅं
246 _ahinādevī: pratinidhi gadya rachanāeॅan
260 _aनई दिल्ली
_b भारतीय ज्ञानपीठ
_c2004
300 _a346पृ.
_ccm.
942 _hO152,6N07:g, P4
_cTEXL
_2CC
999 _c370408
_d370408